[Event "Ruhrgebiet VK3 0304"]
[Site "Ruhrgebiet"]
[Date "2004.02.29"]
[Round "7.6"]
[White "Schultz, Bernfried"]
[Black "Frenzel, Peter"]
[Result "0-1"]
[WhiteElo "1664"]
[BlackElo "1667"]
[PlyCount "80"]
[EventDate "2003.09.28"]
[EventType "team-tourn"]
[EventRounds "9"]
[EventCountry "GER"]
[SourceTitle "EXT 2007"]
[Source "ChessBase"]
[SourceDate "2006.11.23"]
[SourceVersion "1"]
[SourceVersionDate "2006.11.23"]
[SourceQuality "1"]
[WhiteTeam "Brackel II"]
[BlackTeam "Hoentrop SG"]
[WhiteTeamCountry "GER"]
[BlackTeamCountry "GER"]

1. e4 e6 2. d4 d5 3. Nc3 Nf6 4. Bg5 Be7 5. e5 Nfd7 6. h4 c5 7. Nb5 Nc6 8. Nd6+ Kf8 9. Qf3 Ndxe5 10. dxe5 Nxe5 11. Bxe7+ Qxe7 12. Nxc8 Nxf3+ 13. Nxf3 Rxc8 14. Be2 g6 15. h5 Qf6 16. 0-0-0 Ke7 17. g3 b5 18. Rh4 g5 19. Rh2 h6 20. Ne1 Rhd8 21. Kb1 c4 22. Nf3 d4 23. Ne1 e5 24. Bg4 Rc7 25. f3 Qd6 26. Bf5 a5 27. Re2 f6 28. f4 gxf4 29. gxf4 Kf8 30. fxe5 fxe5 31. Nf3 d3 32. cxd3 cxd3 33. Rxe5 Qc6 34. Ree1 Qxf3 35. Rf1 Qxd1+ 36. Rxd1 Rc5 37. Bg6 d2 38. Rf1+ Kg8 39. Rd1 Rdc8 40. Rc1 Rxc1# 0-1

[Event "Ruhrgebiet VK3 0304"]
[Site "Ruhrgebiet"]
[Date "2003.12.07"]
[Round "4.6"]
[White "Frenzel, Peter"]
[Black "Brueck, Uwe"]
[Result "1-0"]
[WhiteElo "1667"]
[BlackElo "1730"]
[PlyCount "97"]
[EventDate "2003.09.28"]
[EventType "team-tourn"]
[EventRounds "9"]
[EventCountry "GER"]
[SourceTitle "EXT 2007"]
[Source "ChessBase"]
[SourceDate "2006.11.23"]
[SourceVersion "1"]
[SourceVersionDate "2006.11.23"]
[SourceQuality "1"]
[WhiteTeam "Hoentrop SG"]
[BlackTeam "Muelheim Heissen II"]
[WhiteTeamCountry "GER"]
[BlackTeamCountry "GER"]

1. d4 d5 2. c4 e6 3. Nf3 Nf6 4. Bg5 c6 5. Nc3 Nbd7 6. e3 Bb4 7. Bd3 Qa5 8. Qc2 dxc4 9. Bxc4 Nd5 10. Bxd5 exd5 11. 0-0 0-0 12. Ne2 f5 13. h3 Bd6 14. Bf4 Qc7 15. Rfd1 Nf6 16. b4 Qe7 17. Bxd6 Qxd6 18. Qc5 Ne4 19. Qxd6 Nxd6 20. Ne5 g5 21. g4 Rf6 22. f4 h6 23. Rf1 Ne4 24. Kg2 Kg7 25. Ng3 Nxg3 26. Kxg3 Be6 27. a4 fxg4 28. fxg5 hxg5 29. Rxf6 Kxf6 30. hxg4 Rh8 31. b5 cxb5 32. axb5 Ra8 33. Rh1 a6 34. Rh6+ Ke7 35. Rh7+ Kf6 36. Rxb7 axb5 37. Rxb5 Rd8 38. Rb6 Rc8 39. Nd7+ Kf7 40. Nc5 Re8 41. Nxe6 Rxe6 42. Rxe6 Kxe6 43. Kf3 Kf6 44. e4 dxe4+ 45. Kxe4 Ke6 46. d5+ Kf6 47. Kd4 Ke7 48. Ke5 Ke8 49. Kf6 1-0

[Event "Ruhrgebiet VK3 0304"]
[Site "Ruhrgebiet"]
[Date "2003.10.12"]
[Round "2.5"]
[White "Frenzel, Peter"]
[Black "Fuchs, Karl Heinz"]
[Result "1-0"]
[WhiteElo "1667"]
[BlackElo "1811"]
[PlyCount "47"]
[EventDate "2003.09.28"]
[EventType "team-tourn"]
[EventRounds "9"]
[EventCountry "GER"]
[SourceTitle "EXT 2007"]
[Source "ChessBase"]
[SourceDate "2006.11.23"]
[SourceVersion "1"]
[SourceVersionDate "2006.11.23"]
[SourceQuality "1"]
[WhiteTeam "Hoentrop SG"]
[BlackTeam "Altenessen II"]
[WhiteTeamCountry "GER"]
[BlackTeamCountry "GER"]

1. d4 Nf6 2. c4 e5 3. dxe5 Ng4 4. Nf3 Bc5 5. e3 Nc6 6. Nc3 Ngxe5 7. Be2 d6 8. 0-0 Bf5 9. a3 a5 10. b3 Nxf3+ 11. Bxf3 Qf6 12. Bb2 Qg6 13. Nd5 Bc2 14. Qd2 Bxb3 15. Nxc7+ Kd7 16. Nxa8 Bxc4 17. Rfc1 Qd3 18. Bxc6+ Kxc6 19. Qxa5 Rc8 20. Bd4 Bxd4 21. exd4 Qxd4 22. Qa4+ b5 23. Qa6+ Kc5 24. Qxc8+ 1-0